Acusados: Flaubert y Baudelaire: o de cómo en el año 1857, Madame Bovary y las flores del mal, fueron llevadas ante el tribunal, con el dossier completo de los procesos
Salvato in:
| Autore principale: | |
|---|---|
| Natura: | Libro |
| Lingua: | spagnolo |
| Pubblicazione: |
Barcelona
Muchnok
1984
|
| Serie: | Archivos de la Herejía, 7
|
| Soggetti: | |
| Tags: |
Aggiungi Tag
Nessun Tag, puoi essere il primo ad aggiungerne!!
|
MARC
| LEADER | 00000nam a2200000 a 4500 | ||
|---|---|---|---|
| 001 | UCX9386 | ||
| 003 | CL-VaPUC | ||
| 008 | 940606e19840000SP |||||||||||||||||spa|d | ||
| 082 | 0 | 4 | |a 840.9 |b CAN |2 21 |
| 100 | 0 | |a Cano Gaviria, Ricardo |e author |9 326777 | |
| 245 | 1 | 0 | |a Acusados: Flaubert y Baudelaire: o de cómo en el año 1857, Madame Bovary y las flores del mal, fueron llevadas ante el tribunal, con el dossier completo de los procesos |
| 300 | |a 300 p | ||
| 942 | |c BK | ||
| 945 | |d 19940606 00:00:00 |a oaravena | ||
| 260 | |a Barcelona |b Muchnok |c 1984 | ||
| 600 | 0 | 7 | |a FLAUBERT, GUSTAVE |2 CL-VaPUC |9 316219 |
| 600 | 0 | 7 | |a BAUDELAIRE, CHARLES PIERRE |2 CL-VaPUC |9 265454 |
| 650 | 0 | |a Literatura francesa |9 266330 | |
| 650 | 0 | |a Historia y crítica |9 257407 | |
| 583 | |a last modification |c 19940606 00:00:00 |k Rodrigo Vera | ||
| 490 | 0 | |a Archivos de la Herejía, 7 | |
| 999 | |c 228644 |d 228642 | ||
| 952 | |0 0 |1 0 |4 0 |6 840_900000000000000_CAN_1984 |7 0 |8 A |9 228938 |a FDOPOS |b FDOPOS |d 2019-11-15 |i 2970368 |o 840.9 CAN 1984 |p 2970368 |r 2025-01-22 |w 2019-11-15 |y BK |k MLH | ||